000 00355nam a2200157Ia 4500
003 Ost
005 20260225132549.0
008 260225s9999||||xx |||||||||||||| ||und||
040 _cfsic
041 _afre
082 _a440
100 _aCharles Bonn
_eAuteur
245 0 _aLecteur presente de mohamed dib /
245 0 _cCharles Bonn
942 _cكتاب
999 _c34042
_d34042